[Event "17. Obert Int. Sant Marti 2015"]
[Site "Barcelona ESP"]
[Date "2015.07.17"]
[Round "5.7"]
[White "Peralta, Fernando"]
[Black "Akbarinia, Sayed Arash"]
[Result "1-0"]
[WhiteElo "2556"]
[BlackElo "2413"]
[PlyCount "77"]
[EventDate "2015.07.13"]
[EventType "swiss"]
[EventRounds "9"]
[EventCountry "ESP"]
[SourceTitle "Ajedrez en Madrid"]
[Source "lmi"]
[SourceDate "2013.07.13"]
[SourceVersion "1"]
[SourceVersionDate "2019.06.24"]
[SourceQuality "1"]

1. d4 d5 2. c4 e6 3. Nc3 c6 4. e3 Nd7 5. Bd3 dxc4 6. Bxc4 b5 7. Bd3 a6 8. a4
Bb7 9. Nf3 b4 10. Nb1 c5 11. O-O Ngf6 12. Nbd2 Be7 13. Re1 O-O 14. e4 cxd4 15.
e5 Nd5 16. Nb3 Re8 17. Nfxd4 Nc5 18. Nxc5 Bxc5 19. Nb3 Bf8 20. Qe2 Qb6 21. a5
Qa7 22. Bg5 Rac8 23. Qg4 Rc7 24. Rad1 Qa8 25. Bxh7+ Kxh7 26. Rd3 Kg8 27. Rh3
Qc8 28. Bf6 Nxf6 29. exf6 e5 30. Qh5 Qxh3 31. Qxh3 Re6 32. fxg7 Bxg7 33. Qh4
Bf8 34. Qd8 Rc2 35. h4 Rd6 36. Qb8 Bd5 37. Rxe5 Bxb3 38. Re8 Rg6 39. Rxf8+ 1-0

[Event "17. Obert Int. Sant Marti 2015"]
[Site "Barcelona ESP"]
[Date "2015.07.17"]
[Round "5.8"]
[White "Alarcon Casellas, Rolando"]
[Black "Gomez Garrido, Camilo Ernesto"]
[Result "1/2-1/2"]
[WhiteElo "2411"]
[BlackElo "2519"]
[PlyCount "40"]
[EventDate "2015.07.13"]
[EventType "swiss"]
[EventRounds "9"]
[EventCountry "ESP"]
[SourceTitle "Ajedrez en Madrid"]
[Source "lmi"]
[SourceDate "2013.07.13"]
[SourceVersion "1"]
[SourceVersionDate "2019.06.24"]
[SourceQuality "1"]

1. d4 d5 2. c4 dxc4 3. Nf3 Nf6 4. e3 e6 5. Bxc4 c5 6. O-O a6 7. a4 Nc6 8. Nc3
Be7 9. dxc5 Qxd1 10. Rxd1 Bxc5 11. Bd2 Ke7 12. Be1 Rd8 13. Kf1 Rxd1 14. Rxd1
Bd7 15. Ke2 Rc8 16. Ba2 h6 17. h3 Be8 18. Nd2 Bb4 19. Nc4 Rd8 20. Rxd8 Kxd8
1/2-1/2

[Event "17. Obert Int. Sant Marti 2015"]
[Site "Barcelona ESP"]
[Date "2015.07.17"]
[Round "5.9"]
[White "Cicak, Slavko"]
[Black "Perpinya Rofes, Lluis Maria"]
[Result "1-0"]
[WhiteElo "2514"]
[BlackElo "2398"]
[PlyCount "81"]
[EventDate "2015.07.13"]
[EventType "swiss"]
[EventRounds "9"]
[EventCountry "ESP"]
[SourceTitle "Ajedrez en Madrid"]
[Source "lmi"]
[SourceDate "2013.07.13"]
[SourceVersion "1"]
[SourceVersionDate "2019.06.24"]
[SourceQuality "1"]

1. c4 g6 2. d4 Bg7 3. Nc3 Nf6 4. Bg5 O-O 5. Nf3 c5 6. d5 d6 7. Nd2 h6 8. Bh4 e6
9. e4 a6 10. a4 e5 11. a5 Nbd7 12. Be2 Rb8 13. O-O Qe8 14. Qa4 Nh7 15. b4 Bf6
16. Bxf6 Nhxf6 17. Rab1 Qe7 18. Nb3 cxb4 19. Qxb4 Kg7 20. Rfc1 h5 21. f3 h4 22.
Bf1 Nh5 23. Ne2 b6 24. Qd2 bxa5 25. c5 a4 26. cxd6 Qxd6 27. Na5 Rxb1 28. Rxb1
Qc5+ 29. Kh1 Rh8 30. Rc1 Qf2 31. Qe1 Qe3 32. Nc4 Qg5 33. Nd6 Nb6 34. Rc6 Qe3
35. Qxh4 Bd7 36. Rc3 Qd2 37. Qe7 Ng3+ 38. Nxg3 Qxc3 39. Qxf7+ Kh6 40. Qf6 Kh7
41. Nf7 1-0

[Event "17. Obert Int. Sant Marti 2015"]
[Site "Barcelona ESP"]
[Date "2015.07.17"]
[Round "5.10"]
[White "Cruz, Filemon"]
[Black "Cuartas, Jaime Alexander"]
[Result "1/2-1/2"]
[WhiteElo "2402"]
[BlackElo "2503"]
[PlyCount "71"]
[EventDate "2015.07.13"]
[EventType "swiss"]
[EventRounds "9"]
[EventCountry "ESP"]
[SourceTitle "Ajedrez en Madrid"]
[Source "lmi"]
[SourceDate "2013.07.13"]
[SourceVersion "1"]
[SourceVersionDate "2019.06.24"]
[SourceQuality "1"]

1. c4 c6 2. d4 d5 3. Nf3 Nf6 4. Nc3 e6 5. Bg5 Nbd7 6. cxd5 exd5 7. Qc2 Be7 8.
e3 O-O 9. Bd3 Re8 10. O-O Nf8 11. Rfc1 Bg4 12. Ne5 Be6 13. Rab1 N6d7 14. Bxe7
Qxe7 15. Nxd7 Bxd7 16. b4 b5 17. a4 a6 18. a5 Qh4 19. Bf5 g6 20. Bxd7 Nxd7 21.
Ne2 Rac8 22. Rb3 Nf6 23. Ng3 Ng4 24. Nf1 Re6 25. Rc3 f5 26. f3 Nf6 27. Qd2 Nd7
28. R3c2 Qe7 29. Qc3 Qd6 30. Qb3 Kg7 31. Qc3 h5 32. Qd2 Qe7 33. h3 Qd6 34. Qc3
Qe7 35. Qd2 Qd6 36. Qc3 1/2-1/2

[Event "17. Obert Int. Sant Marti 2015"]
[Site "Barcelona ESP"]
[Date "2015.07.17"]
[Round "5.11"]
[White "Mosquera, Miguel"]
[Black "Oratovsky, Michael"]
[Result "1/2-1/2"]
[WhiteElo "2375"]
[BlackElo "2490"]
[PlyCount "20"]
[EventDate "2015.07.13"]
[EventType "swiss"]
[EventRounds "9"]
[EventCountry "ESP"]
[SourceTitle "Ajedrez en Madrid"]
[Source "lmi"]
[SourceDate "2013.07.13"]
[SourceVersion "1"]
[SourceVersionDate "2019.06.24"]
[SourceQuality "1"]

1. e4 c5 2. Nf3 e6 3. c3 d5 4. exd5 Qxd5 5. d4 Nf6 6. Na3 Qd8 7. Nc2 Be7 8.
Bb5+ Bd7 9. Bxd7+ Nbxd7 10. O-O O-O 1/2-1/2

[Event "17. Obert Int. Sant Marti 2015"]
[Site "Barcelona ESP"]
[Date "2015.07.17"]
[Round "5.12"]
[White "Konguvel, Ponnuswamy"]
[Black "Diermair, Andreas"]
[Result "0-1"]
[WhiteElo "2337"]
[BlackElo "2485"]
[PlyCount "74"]
[EventDate "2015.07.13"]
[EventType "swiss"]
[EventRounds "9"]
[EventCountry "ESP"]
[SourceTitle "Ajedrez en Madrid"]
[Source "lmi"]
[SourceDate "2013.07.13"]
[SourceVersion "1"]
[SourceVersionDate "2019.06.24"]
[SourceQuality "1"]

1. e4 e5 2. Nf3 Nc6 3. Bb5 a6 4. Ba4 Nf6 5. O-O Be7 6. Re1 b5 7. Bb3 d6 8. c3
O-O 9. h3 Nb8 10. d4 Nbd7 11. Nbd2 Bb7 12. Bc2 Re8 13. Nf1 Bf8 14. Ng3 g6 15.
a4 c5 16. d5 c4 17. Bg5 Be7 18. Nh2 Nc5 19. f4 Nfd7 20. Qd2 exf4 21. Bxf4 Ne5
22. Rf1 Bf6 23. Bxe5 Bxe5 24. Ng4 Bg7 25. Nh6+ Bxh6 26. Qxh6 Re5 27. Rxf7 Kxf7
28. Qxh7+ Ke8 29. Rf1 Qg5 30. Rf7 Re7 31. e5 Rxf7 32. Bxg6 Bxd5 33. Bxf7+ Bxf7
34. Qh8+ Kd7 35. Qxa8 Qxg3 36. exd6 Qxd6 37. axb5 axb5 0-1

[Event "17. Obert Int. Sant Marti 2015"]
[Site "Barcelona ESP"]
[Date "2015.07.17"]
[Round "5.13"]
[White "Ramirez Garcia, Jorge Alberto"]
[Black "Harutyunian, Tigran K."]
[Result "1/2-1/2"]
[WhiteElo "2312"]
[BlackElo "2472"]
[PlyCount "120"]
[EventDate "2015.07.13"]
[EventType "swiss"]
[EventRounds "9"]
[EventCountry "ESP"]
[SourceTitle "Ajedrez en Madrid"]
[Source "lmi"]
[SourceDate "2013.07.13"]
[SourceVersion "1"]
[SourceVersionDate "2019.06.24"]
[SourceQuality "1"]

1. e4 c5 2. c3 Nf6 3. e5 Nd5 4. Nf3 Nc6 5. Bc4 Nb6 6. Bb3 d5 7. exd6 Qxd6 8.
Na3 a6 9. O-O e6 10. Qe2 Be7 11. Rd1 Qc7 12. d4 O-O 13. Bg5 cxd4 14. cxd4 Bxg5
15. Nxg5 Qf4 16. Nf3 Bd7 17. Nc4 Nxc4 18. Bxc4 b5 19. Bb3 Rac8 20. Qe3 Qxe3 21.
fxe3 Na5 22. Rdc1 f6 23. Nd2 Kf7 24. Ne4 Nb7 25. Kf2 Ke7 26. Rxc8 Rxc8 27. Rd1
a5 28. Rd2 f5 29. Ng5 a4 30. Bc2 Nd6 31. Bd3 b4 32. Rc2 Rxc2+ 33. Bxc2 a3 34.
bxa3 bxa3 35. Bb3 h6 36. Nf3 g5 37. Nd2 Bc6 38. Nb1 Nb5 39. Bc4 Be4 40. Bxb5
Bxb1 41. Bc4 Kd6 42. g3 e5 43. dxe5+ Kxe5 44. Ke2 Be4 45. Bb3 Bd5 46. Bxd5 Kxd5
47. Kf3 h5 48. h3 Ke5 49. h4 Kf6 50. Kf2 g4 51. Ke2 Ke6 52. Kd2 Kd6 53. Kc2 Kc6
54. Kc3 Kc5 55. Kc2 Kd5 56. Kd3 Kc5 57. Kc3 Kd5 58. Kd3 Ke5 59. Kd2 Ke4 60. Ke2
Ke5 1/2-1/2

[Event "17. Obert Int. Sant Marti 2015"]
[Site "Barcelona ESP"]
[Date "2015.07.17"]
[Round "5.14"]
[White "Pardo Simon, David"]
[Black "Kessler, Luca"]
[Result "1/2-1/2"]
[WhiteElo "2468"]
[BlackElo "2364"]
[PlyCount "120"]
[EventDate "2015.07.13"]
[EventType "swiss"]
[EventRounds "9"]
[EventCountry "ESP"]
[SourceTitle "Ajedrez en Madrid"]
[Source "lmi"]
[SourceDate "2013.07.13"]
[SourceVersion "1"]
[SourceVersionDate "2019.06.24"]
[SourceQuality "1"]

1. d4 Nf6 2. c4 g6 3. Nc3 Bg7 4. e4 d6 5. Be2 O-O 6. Be3 e5 7. Nf3 Ng4 8. Bg5
f6 9. Bh4 g5 10. Bg3 Nh6 11. dxe5 dxe5 12. Qb3 c6 13. Rd1 Qe7 14. c5+ Kh8 15.
Na4 Na6 16. Bxa6 bxa6 17. Nd2 Be6 18. Qc3 Rfd8 19. b3 Rd4 20. f3 Rad8 21. Ke2
Qb7 22. Nb2 Qb5+ 23. Nbc4 Bxc4+ 24. Nxc4 Rxd1 25. Rxd1 Rxd1 26. Kxd1 Qxc5 27.
Qe3 Qxe3 28. Nxe3 Kg8 29. Nc4 Nf7 30. Bf2 Nd8 31. Nd6 Bf8 32. Ne8 Kf7 33. Nc7
a5 34. Bxa7 Nb7 35. Be3 Bd6 36. Na8 Ke6 37. Nb6 Bc5 38. Bxc5 Nxc5 39. Nc4 Nb7
40. Kc2 Kd7 41. Kb2 Nc5 42. Kc3 Nb7 43. b4 axb4+ 44. Kxb4 Kc7 45. a4 Nd8 46.
Ne3 h5 47. h4 gxh4 48. Nf5 Ne6 49. Nxh4 Nf4 50. Kc4 Ne6 51. Nf5 Nf4 52. g3 Ne6
53. Nh6 Ng5 54. Ng8 Nxf3 55. Nxf6 h4 56. gxh4 Nxh4 57. Ng4 Nf3 58. Kd3 Kb6 59.
Ke3 Ng5 60. Nxe5 Nxe4 1/2-1/2

[Event "17. Obert Int. Sant Marti 2015"]
[Site "Barcelona ESP"]
[Date "2015.07.17"]
[Round "5.15"]
[White "Manolache, Marius"]
[Black "Puranik, Abhimanyu"]
[Result "1-0"]
[WhiteElo "2467"]
[BlackElo "2328"]
[PlyCount "63"]
[EventDate "2015.07.13"]
[EventType "swiss"]
[EventRounds "9"]
[EventCountry "ESP"]
[SourceTitle "Ajedrez en Madrid"]
[Source "lmi"]
[SourceDate "2013.07.13"]
[SourceVersion "1"]
[SourceVersionDate "2019.06.24"]
[SourceQuality "1"]

1. d4 Nf6 2. Nf3 g6 3. c4 Bg7 4. e3 O-O 5. Be2 d5 6. cxd5 Nxd5 7. O-O c5 8.
dxc5 Nb4 9. Nd4 e5 10. Nb5 N8a6 11. Bd2 Bf5 12. Bxb4 Nxb4 13. N1c3 b6 14. a3
Na6 15. c6 Qg5 16. e4 Bh3 17. Bf3 Be6 18. Nd5 Nc5 19. b4 Bxd5 20. exd5 e4 21.
bxc5 exf3 22. Qxf3 Bxa1 23. Rxa1 bxc5 24. Rd1 Rab8 25. a4 a6 26. Nc3 Qe5 27. d6
Rb3 28. d7 Rxc3 29. Qxc3 Qxc3 30. c7 Qb3 31. d8=Q Qe6 32. h4 1-0

[Event "17. Obert Int. Sant Marti 2015"]
[Site "Barcelona ESP"]
[Date "2015.07.17"]
[Round "5.16"]
[White "Narayanan, Srinath"]
[Black "Morales, Jhon Alexander"]
[Result "1/2-1/2"]
[WhiteElo "2464"]
[BlackElo "2308"]
[PlyCount "128"]
[EventDate "2015.07.13"]
[EventType "swiss"]
[EventRounds "9"]
[EventCountry "ESP"]
[SourceTitle "Ajedrez en Madrid"]
[Source "lmi"]
[SourceDate "2013.07.13"]
[SourceVersion "1"]
[SourceVersionDate "2019.06.24"]
[SourceQuality "1"]

1. e4 c5 2. Nf3 d6 3. d4 cxd4 4. Nxd4 Nf6 5. Nc3 Nc6 6. Bg5 e6 7. Qd2 Be7 8.
O-O-O Nxd4 9. Qxd4 O-O 10. f4 Qa5 11. e5 dxe5 12. Qxe5 Qxe5 13. fxe5 Nd5 14.
Bxe7 Nxe7 15. Bd3 b6 16. Rhg1 Bb7 17. Bxh7+ Kxh7 18. Rd7 Ng6 19. Rxb7 Nxe5 20.
Re1 Nc6 21. Rd1 Ne5 22. Nb5 Rfb8 23. Rxb8 Rxb8 24. Rd4 Rb7 25. Rd8 Kg6 26. a4
a6 27. Nc3 f5 28. a5 Nc6 29. Rd6 Nxa5 30. Rxe6+ Kf7 31. Re2 b5 32. Nd5 Nc6 33.
Rf2 Ke6 34. Nf4+ Kf7 35. Rd2 g5 36. Rd6 gxf4 37. Rxc6 Rb8 38. Rxa6 Rh8 39. Rb6
Rxh2 40. Rxb5 Kf6 41. Rb6+ Kf7 42. Rb4 Rxg2 43. Rxf4 Ke6 44. b4 Ke5 45. Rc4 f4
46. Kd1 f3 47. Ke1 Kd5 48. Rc8 Kd4 49. b5 Ke3 50. Re8+ Kd4 51. b6 Rg7 52. Rc8
Rb7 53. c3+ Ke3 54. Rc6 Rh7 55. Re6+ Kd3 56. Kf2 Kxc3 57. Rc6+ Kd4 58. Rc7 Rh8
59. b7 Rb8 60. Kxf3 Kd5 61. Ke3 Kd6 62. Rh7 Kc6 63. Kd4 Rxb7 64. Rxb7 Kxb7
1/2-1/2

[Event "17. Obert Int. Sant Marti 2015"]
[Site "Barcelona ESP"]
[Date "2015.07.17"]
[Round "5.17"]
[White "Mateus, Alejandro"]
[Black "Gonzalez Perez, Arian"]
[Result "1/2-1/2"]
[WhiteElo "2283"]
[BlackElo "2440"]
[PlyCount "127"]
[EventDate "2015.07.13"]
[EventType "swiss"]
[EventRounds "9"]
[EventCountry "ESP"]
[SourceTitle "Ajedrez en Madrid"]
[Source "lmi"]
[SourceDate "2013.07.13"]
[SourceVersion "1"]
[SourceVersionDate "2019.06.24"]
[SourceQuality "1"]

1. e4 e6 2. d4 d5 3. Nd2 Nf6 4. e5 Nfd7 5. Bd3 c5 6. c3 Nc6 7. Ndf3 cxd4 8.
cxd4 f6 9. exf6 Nxf6 10. Ne2 Qc7 11. O-O Bd6 12. Bg5 O-O 13. Bh4 Nh5 14. Qc2 h6
15. Bh7+ Kh8 16. Bg6 Rxf3 17. gxf3 Bxh2+ 18. Kh1 Nf4 19. Ng3 Qd6 20. Rad1 e5
21. Bf5 Bxf5 22. Qxf5 Nxd4 23. Rxd4 exd4 24. Kxh2 Rf8 25. Qg4 g5 26. Bxg5 hxg5
27. Qxg5 Qf6 28. Qxf6+ Rxf6 29. Rd1 d3 30. Nf1 Rb6 31. Rd2 d4 32. Kg3 Ne2+ 33.
Kg4 Nc1 34. a3 Rc6 35. Ng3 Rc2 36. Ne4 a5 37. Kf4 a4 38. Rd1 Kg7 39. Ke5 Nb3
40. Rxd3 Rxb2 41. f4 Re2 42. Kf5 Kf7 43. Rh3 Ke8 44. Rh7 Kd8 45. Nd6 d3 46.
Nxb7+ Kc8 47. Nd6+ Kd8 48. Nb7+ Kc8 49. Nd6+ Kb8 50. Rb7+ Ka8 51. Rd7 d2 52.
Nc4 Rxf2 53. Kg5 Rg2+ 54. Kf6 Nc5 55. Rd5 Nb3 56. Rd7 Rg1 57. Nxd2 Rd1 58. Nc4
Rxd7 59. Nb6+ Kb7 60. Nxd7 Kc6 61. Ke7 Nd4 62. Ne5+ Kd5 63. Nd7 Ke4 64. Nc5+
1/2-1/2

[Event "17. Obert Int. Sant Marti 2015"]
[Site "Barcelona ESP"]
[Date "2015.07.17"]
[Round "5.18"]
[White "Capellades Subirana, Marc"]
[Black "Vassallo Barroche, Mauricio"]
[Result "1/2-1/2"]
[WhiteElo "2213"]
[BlackElo "2430"]
[PlyCount "137"]
[EventDate "2015.07.13"]
[EventType "swiss"]
[EventRounds "9"]
[EventCountry "ESP"]
[SourceTitle "Ajedrez en Madrid"]
[Source "lmi"]
[SourceDate "2013.07.13"]
[SourceVersion "1"]
[SourceVersionDate "2019.06.24"]
[SourceQuality "1"]

1. e4 g6 2. d4 Bg7 3. c3 d6 4. Be3 Nd7 5. Bd3 e5 6. Ne2 Ngf6 7. f3 d5 8. Bg5
dxe4 9. Bxe4 O-O 10. Na3 exd4 11. cxd4 h6 12. Bh4 g5 13. Bf2 Nxe4 14. fxe4 Nf6
15. e5 Ne4 16. O-O c5 17. dxc5 Qxd1 18. Raxd1 Nxf2 19. Kxf2 Be6 20. b3 Bxe5 21.
Nb5 Rac8 22. Rc1 Rfd8 23. Ke3 Rd5 24. Nd6 Rcxc5 25. Ne4 Rxc1 26. Rxc1 b6 27. g3
Kg7 28. h4 f5 29. Nf2 Rd7 30. hxg5 hxg5 31. Nh3 Bf6 32. Nf2 Bf7 33. Rc2 Bh5 34.
g4 fxg4 35. Rc4 Be5 36. Re4 Bd6 37. Nxg4 Bc5+ 38. Kf3 Rd3+ 39. Kg2 Rd2 40. Kh3
Rxa2 41. Ng3 Bxg4+ 42. Kxg4 Rb2 43. Kxg5 Rxb3 44. Nf5+ Kf7 45. Nh6+ Kf8 46. Nf5
a5 47. Kf6 Rh3 48. Re1 Rh2 49. Rd1 Re2 50. Rd8+ Re8 51. Rd7 Rc8 52. Rf7+ Kg8
53. Rg7+ Kh8 54. Rg2 Rc6+ 55. Kf7 Rc7+ 56. Kf6 a4 57. Rg4 Ra7 58. Rh4+ Kg8 59.
Rg4+ Kf8 60. Rh4 Ke8 61. Rh8+ Bf8 62. Ke6 Rd7 63. Rxf8+ Kxf8 64. Kxd7 a3 65.
Nd4 a2 66. Nb3 b5 67. Kc6 Ke7 68. Kxb5 a1=Q 69. Nxa1 1/2-1/2

[Event "17. Obert Int. Sant Marti 2015"]
[Site "Barcelona ESP"]
[Date "2015.07.17"]
[Round "5.19"]
[White "Burmakin, Vladimir"]
[Black "Ivana Maria, Furtado"]
[Result "1-0"]
[WhiteElo "2571"]
[BlackElo "2236"]
[PlyCount "44"]
[EventDate "2015.07.13"]
[EventType "swiss"]
[EventRounds "9"]
[EventCountry "ESP"]
[SourceTitle "Ajedrez en Madrid"]
[Source "lmi"]
[SourceDate "2013.07.13"]
[SourceVersion "1"]
[SourceVersionDate "2019.06.24"]
[SourceQuality "1"]

1. d4 Nf6 2. Nf3 d5 3. c4 e6 4. g3 g6 5. Bg2 Bg7 6. O-O O-O 7. Qc2 b6 8. cxd5
exd5 9. Bf4 Na6 10. Nc3 Bb7 11. Rfd1 Qe7 12. Be5 Rfd8 13. Rac1 Ne4 14. Bxg7
Kxg7 15. Ne5 c5 16. Qa4 f6 17. Nd3 g5 18. dxc5 Naxc5 19. Qa3 Kf8 20. Nxc5 bxc5
21. Nxe4 dxe4 22. Rxd8+ Rxd8 1-0

[Event "17. Obert Int. Sant Marti 2015"]
[Site "Barcelona ESP"]
[Date "2015.07.17"]
[Round "5.20"]
[White "Pogorelov, Ruslan"]
[Black "Alsina Leal, Daniel"]
[Result "0-1"]
[WhiteElo "2301"]
[BlackElo "2531"]
[PlyCount "100"]
[EventDate "2015.07.13"]
[EventType "swiss"]
[EventRounds "9"]
[EventCountry "ESP"]
[SourceTitle "Ajedrez en Madrid"]
[Source "lmi"]
[SourceDate "2013.07.13"]
[SourceVersion "1"]
[SourceVersionDate "2019.06.24"]
[SourceQuality "1"]

1. Nf3 d5 2. d4 Nf6 3. c4 c6 4. Nc3 e6 5. e3 Nbd7 6. Qc2 Bd6 7. b3 O-O 8. Be2
b6 9. O-O Bb7 10. Bb2 Qe7 11. Rad1 Rac8 12. e4 e5 13. dxe5 Nxe5 14. Nd4 Bc5 15.
Nf5 Qe6 16. Na4 Nxe4 17. Nxc5 bxc5 18. f4 Qxf5 19. fxe5 Qg5 20. Bd3 Rcd8 21.
Bxe4 Qe3+ 22. Qf2 Qxe4 23. Rde1 Qg6 24. Ba3 dxc4 25. Bxc5 Rfe8 26. bxc4 Ba6 27.
Qf4 Qe6 28. Re4 Rd7 29. Rfe1 Rb8 30. Rd4 Rxd4 31. Qxd4 Bxc4 32. Bxa7 Re8 33. a3
Bd5 34. Bc5 Qg6 35. Qf2 Qg5 36. Bd6 Re6 37. Qg3 Qh5 38. Qe3 Rg6 39. g3 Qh3 40.
Qf2 h5 41. Re3 h4 42. a4 Qg4 43. a5 hxg3 44. Rxg3 Qe4 45. Kf1 Bc4+ 46. Kg1 Qb1+
47. Kg2 Bd5+ 48. Kh3 Rh6+ 49. Kg4 Qe4+ 50. Kg5 Qh4+ 0-1

[Event "17. Obert Int. Sant Marti 2015"]
[Site "Barcelona ESP"]
[Date "2015.07.17"]
[Round "5.21"]
[White "Oliva Castaneda, Kevel"]
[Black "Stoeri, Simon"]
[Result "1/2-1/2"]
[WhiteElo "2488"]
[BlackElo "2229"]
[PlyCount "139"]
[EventDate "2015.07.13"]
[EventType "swiss"]
[EventRounds "9"]
[EventCountry "ESP"]
[SourceTitle "Ajedrez en Madrid"]
[Source "lmi"]
[SourceDate "2013.07.13"]
[SourceVersion "1"]
[SourceVersionDate "2019.06.24"]
[SourceQuality "1"]

1. Nf3 Nf6 2. c4 g6 3. Nc3 Bg7 4. e4 d6 5. d4 O-O 6. Be2 e5 7. O-O Nc6 8. d5
Ne7 9. b4 Nh5 10. g3 f5 11. Ng5 Nf6 12. f3 c6 13. b5 h6 14. Ne6 Bxe6 15. dxe6
Ne8 16. bxc6 bxc6 17. Rb1 Rf6 18. Be3 Nc7 19. Rb7 Nxe6 20. Qd2 f4 21. Bf2 Ng5
22. Be1 Rb8 23. Rxa7 fxg3 24. hxg3 Nc8 25. Ra6 Qd7 26. Nd1 Ne7 27. Ra3 Rbf8 28.
Qe3 Qh3 29. Ra7 R8f7 30. Nc3 Kh7 31. a4 Ne6 32. Qf2 Nd4 33. a5 g5 34. Qg2 Qe6
35. Bd2 Qc8 36. Rb1 Qf8 37. Rf1 g4 38. f4 exf4 39. gxf4 h5 40. c5 Qb8 41. Rd7
Qb2 42. Be1 Ng6 43. Rxf7 Rxf7 44. f5 Ne5 45. cxd6 Nef3+ 46. Bxf3 Nxf3+ 47. Rxf3
Qxg2+ 48. Kxg2 gxf3+ 49. Kxf3 Be5 50. Na4 Bxd6 51. Bf2 Rc7 52. Bd4 c5 53. Bc3
Ra7 54. Nb6 Bc7 55. Nc4 Kh6 56. Bd2+ Kg7 57. e5 Kf7 58. Ke4 h4 59. e6+ Kf6 60.
Bc3+ Ke7 61. Kd5 h3 62. f6+ Kf8 63. Bd2 h2 64. Bh6+ Kg8 65. f7+ Kh7 66. f8=Q
h1=Q+ 67. Kxc5 Bxa5 68. Bf4 Qb7 69. Qh6+ Kg8 70. Qg6+ 1/2-1/2

[Event "17. Obert Int. Sant Marti 2015"]
[Site "Barcelona ESP"]
[Date "2015.07.17"]
[Round "5.22"]
[White "Ducarmon, Quinten"]
[Black "Castrillon Gomez, Melissa"]
[Result "1-0"]
[WhiteElo "2475"]
[BlackElo "2199"]
[PlyCount "59"]
[EventDate "2015.07.13"]
[EventType "swiss"]
[EventRounds "9"]
[EventCountry "ESP"]
[SourceTitle "Ajedrez en Madrid"]
[Source "lmi"]
[SourceDate "2013.07.13"]
[SourceVersion "1"]
[SourceVersionDate "2019.06.24"]
[SourceQuality "1"]

1. e4 e5 2. Nf3 Nc6 3. Bb5 a6 4. Ba4 Nge7 5. c3 g6 6. d4 exd4 7. cxd4 Bg7 8. d5
b5 9. Bc2 Na5 10. Bd2 Nc4 11. Bc3 Bxc3+ 12. Nxc3 d6 13. a4 Rb8 14. b3 Ne5 15.
Nd4 b4 16. Nce2 c5 17. dxc6 N5xc6 18. O-O O-O 19. Rc1 Bb7 20. Qd2 Nxd4 21. Nxd4
Qb6 22. Rfd1 Rfe8 23. Qh6 Qc5 24. Nf3 f6 25. e5 Bxf3 26. exf6 Nf5 27. Bxf5 Qa7
28. Bxg6 hxg6 29. Qxg6+ Kh8 30. f7 1-0

[Event "17. Obert Int. Sant Marti 2015"]
[Site "Barcelona ESP"]
[Date "2015.07.17"]
[Round "5.23"]
[White "Nabuurs, Mart"]
[Black "Kanmazalp, Ogulcan"]
[Result "1/2-1/2"]
[WhiteElo "2247"]
[BlackElo "2468"]
[PlyCount "42"]
[EventDate "2015.07.13"]
[EventType "swiss"]
[EventRounds "9"]
[EventCountry "ESP"]
[SourceTitle "Ajedrez en Madrid"]
[Source "lmi"]
[SourceDate "2013.07.13"]
[SourceVersion "1"]
[SourceVersionDate "2019.06.24"]
[SourceQuality "1"]

1. e4 c5 2. Nf3 Nc6 3. Nc3 e6 4. d4 cxd4 5. Nxd4 Nf6 6. Nxc6 bxc6 7. e5 Nd5 8.
Ne4 Qc7 9. f4 Rb8 10. c4 Bb4+ 11. Kf2 f5 12. exf6 Qb6+ 13. Kf3 Nxf6 14. Be3 Qa5
15. Nxf6+ gxf6 16. Bd3 Bc5 17. Bd2 Bb4 18. Be3 Bb7 19. Kf2 O-O 20. a3 Be7 21.
b4 Qd8 1/2-1/2

[Event "17. Obert Int. Sant Marti 2015"]
[Site "Barcelona ESP"]
[Date "2015.07.17"]
[Round "5.24"]
[White "Nabuurs, Joep"]
[Black "Cruz, Jonathan"]
[Result "0-1"]
[WhiteElo "2293"]
[BlackElo "2453"]
[PlyCount "122"]
[EventDate "2015.07.13"]
[EventType "swiss"]
[EventRounds "9"]
[EventCountry "ESP"]
[SourceTitle "Ajedrez en Madrid"]
[Source "lmi"]
[SourceDate "2013.07.13"]
[SourceVersion "1"]
[SourceVersionDate "2019.06.24"]
[SourceQuality "1"]

1. e4 e5 2. Nf3 Nc6 3. Bb5 a6 4. Ba4 Nf6 5. O-O Be7 6. Re1 b5 7. Bb3 O-O 8. a4
b4 9. d4 d6 10. dxe5 dxe5 11. Qxd8 Rxd8 12. Nbd2 Bc5 13. Nc4 Be6 14. Bg5 Nd4
15. Nfxe5 h6 16. Bh4 g5 17. Bg3 Nxb3 18. cxb3 Rd4 19. Rac1 Rxe4 20. Nd3 Rxe1+
21. Rxe1 Bf8 22. Bxc7 Rc8 23. Be5 Nd7 24. h3 Bxc4 25. bxc4 Rxc4 26. g4 b3 27.
a5 f6 28. Bc3 Kf7 29. Kg2 Be7 30. Kf3 Rc6 31. Re4 Nf8 32. Bb4 Ne6 33. Ke3 Bd8
34. Bc3 Nc7 35. Kd2 Nb5 36. Rb4 Bxa5 37. Rxb3 Bxc3+ 38. bxc3 Rc4 39. f3 Ke7 40.
Nb4 Nd6 41. Nxa6 Ra4 42. Nb4 Ra1 43. Ke2 Rh1 44. Nd3 Rxh3 45. Nf2 Rh2 46. Rb4
h5 47. gxh5 f5 48. Ra4 Rxh5 49. c4 Rh4 50. Ra7+ Ke6 51. c5 Nb5 52. Rg7 Nd4+ 53.
Ke3 Kf6 54. Rd7 Ne6 55. Rd6 Rc4 56. Nd3 Rc2 57. Ra6 f4+ 58. Ke4 Rc4+ 59. Kd5
Rd4+ 60. Kc6 Rxd3 61. Kb7 Rc3 0-1

[Event "17. Obert Int. Sant Marti 2015"]
[Site "Barcelona ESP"]
[Date "2015.07.17"]
[Round "5.25"]
[White "Olivares Canelles, Francisco"]
[Black "Froewis, Georg"]
[Result "1/2-1/2"]
[WhiteElo "2270"]
[BlackElo "2434"]
[PlyCount "173"]
[EventDate "2015.07.13"]
[EventType "swiss"]
[EventRounds "9"]
[EventCountry "ESP"]
[SourceTitle "Ajedrez en Madrid"]
[Source "lmi"]
[SourceDate "2013.07.13"]
[SourceVersion "1"]
[SourceVersionDate "2019.06.24"]
[SourceQuality "1"]

1. d4 e6 2. c4 d5 3. Nc3 c6 4. e4 dxe4 5. Nxe4 Bb4+ 6. Bd2 Qxd4 7. Bxb4 Qxe4+
8. Ne2 Na6 9. Bf8 Ne7 10. Bxg7 Rg8 11. Bf6 Bd7 12. Qd2 c5 13. f3 Qc6 14. Nc3
Rg6 15. Ne4 Ng8 16. Bh4 f6 17. O-O-O O-O-O 18. Nd6+ Kc7 19. Nf7 Rf8 20. Qf4+
Kc8 21. Ne5 Qa4 22. Nxd7 Rd8 23. Nb6+ axb6 24. Rxd8+ Kxd8 25. Qd6+ Qd7 26.
Qxb6+ Ke7 27. Bf2 Kf7 28. g3 Ne7 29. Be2 Qa4 30. Qb3 Qxb3 31. axb3 Nc6 32. f4
Rg8 33. Bh5+ Ke7 34. Re1 Rd8 35. Bf3 Ncb4 36. Be4 Nd3+ 37. Bxd3 Rxd3 38. Re3
Nb4 39. Bg1 Rd8 40. Re2 b6 41. Rd2 Ra8 42. Rd1 e5 43. fxe5 fxe5 44. Kd2 Ke6 45.
Ke2 Nc6 46. Kf3 Ra2 47. Rd2 Na5 48. Ke4 Nxb3 49. Rd5 Rxb2 50. Rxe5+ Kd6 51. Rh5
Na5 52. Rh6+ Kc7 53. Be3 Nxc4 54. Bf4+ Kb7 55. Kd5 Na5 56. Rxh7+ Ka6 57. g4 Rb4
58. Rf7 Rd4+ 59. Ke6 Nc6 60. Rf8 Nd8+ 61. Ke5 Nc6+ 62. Ke6 c4 63. g5 c3 64. g6
c2 65. Bh6 Rg4 66. Kf6 Ne7 67. g7 Rg6+ 68. Kxe7 Rxg7+ 69. Rf7 Rg6 70. Bc1 Rg1
71. Bh6 Rg6 72. Bc1 Rg1 73. Bh6 b5 74. Rf6+ Kb7 75. Rf2 c1=Q 76. Bxc1 Rxc1 77.
h4 Rh1 78. Rf4 Kc6 79. Kf6 Kc5 80. Kg6 b4 81. h5 b3 82. Rf2 Kc4 83. h6 Kc3 84.
h7 b2 85. Rxb2 Kxb2 86. Kg7 Rg1+ 87. Kf7 1/2-1/2